Southville International School and Colleges
Your cart is empty.
  • Cart
  • Lists
    Public lists list_1 View all
    Your lists Log in to create your own lists
  • Log in to your account
  • Your cookies
  • Search history
Southville International School and Colleges
  • Advanced search
  • Recent comments
  • Most popular
  • Libraries

Log in to your account

Log in with GOOGLE


If you do not have an external account, but do have a local account, you can still log in:

  1. Home
  2. MARC view: Changing days :
Normal view MARC view ISBD view

Changing days : (Record no. 355265)

[ view plain ]
MARC details
000 -LEADER
fixed length control field 00497nam a2200193Ia 4500
008 - FIXED-LENGTH DATA ELEMENTS--GENERAL INFORMATION
fixed length control field 180207s9999 xx 000 0 und d
020 ## - INTERNATIONAL STANDARD BOOK NUMBER
International Standard Book Number 1556249640
050 ## - LIBRARY OF CONGRESS CALL NUMBER
Item number E298 1988
100 ## - MAIN ENTRY--PERSONAL NAME
Personal name Eggleton, Jill
245 ## - TITLE STATEMENT
Title Changing days :
245 ## - TITLE STATEMENT
Remainder of title rhymes to read /
245 ## - TITLE STATEMENT
Statement of responsibility, etc Jill Eggleton ; illustrations by Philip Webb.
260 ## - PUBLICATION, DISTRIBUTION, ETC. (IMPRINT)
Place of publication, distribution, etc Washington :
260 ## - PUBLICATION, DISTRIBUTION, ETC. (IMPRINT)
Name of publisher, distributor, etc Wright Group,
260 ## - PUBLICATION, DISTRIBUTION, ETC. (IMPRINT)
Date of publication, distribution, etc 1988
300 ## - PHYSICAL DESCRIPTION
Extent 24 pages :
300 ## - PHYSICAL DESCRIPTION
Other physical details color illustration ;
440 ## - SERIES STATEMENT/ADDED ENTRY--TITLE
Title Sunshine books.
Holdings
Withdrawn status Lost status Damaged status Home library Current library Date acquired Total Checkouts Full call number Barcode Date last seen Price effective from Koha item type
      Stonyhurst Southville International School (Malarayat) Stonyhurst Southville International School (Malarayat) 02/07/2018   ER E298 1988 SSISM4810 02/07/2018 02/07/2018 Books

Changing days :

APA

Eggleton J., .Changing days. Washington: .

Chicago

Eggleton Jill, .Changing days. Washington: .

Harvard

Eggleton J., .Changing days. Washington: .

MLA

Eggleton Jill, .Washington: . .

  • Place hold
  • Print
  • Cite
  • Add to your cart (remove)
  • Save record
    BIBTEX Dublin Core MARCXML MARC (non-Unicode/MARC-8) MARC (Unicode/UTF-8) MARC (Unicode/UTF-8, Standard) MODS (XML) RIS
  • More searches
    Search for this title in:
    Other Libraries (WorldCat) Other Databases (Google Scholar) Online Stores (Bookfinder.com) Open Library (openlibrary.org)

Exporting to Dublin Core...

SOUTHVILLE LIBRARY

Southville International School and Colleges Library

1281 Tropical Ave. Cor. Luxembourg St., BF Homes International, Las Pinas City

Tel. No. 8256374 / 252358 Loc. 117/146

Powered by Koha